1316 1661 1856 1553 1993 1365 1892 1220 1987 1671 1704 1738 1928 1921 1887 1253 1535 1528 1453 1800 1155 1402 1435 1704 1403 1742 1763 1918 1400 1334 1229 1489 1501 1155 1098 1401 1120 1299 1426 1978 1378 1936 1198 1831 1691 1886 1752 1686 1391 1208 1796 1743 1413 1472 1044 1668 1168 1563 1456 1966 1558 1067 1225 1564 1594 1106 1381 1306 1891 1633 1227 1356 1905 1761 1313 1507 1577 1181 1327 1418 1517 1310 1373 1692 1394 1198 1626 1015 1474 1890 1503 1658 1972 1882 1585 1219 1825 1999 1145 BCNSPRNW ULIB Ver.6.0+V

เปลี่ยนเป็นภาษาไทย

Change to English
 แสดงรายละเอียดบรรณานุกรม
  กลับหน้าหลัก

Brief Record : Get Marc (ISO 2709) : E-mail record : QR code < ปิดหน้าต่าง
LEADER : 00000nam 2200000uu 4500
001    13399111558
003     ULIB
008    110701s2550||||th 000 0 tha d
020    9789741105687
050 04 BQ5630^bส266ก 2550
100 0  สมพร กันทรดุษฎี-เตรียมชัยศรี
245 10 การปฏิบัติสมาธิเพื่อการเยียวยาสุขภาพ /^cสมพร กันทรดุษฎี-เตรียมชัยศรี
250    พิมพ์ครั้งที่ 8
260    กรุงเทพฯ :^bภาควิชาการพยาบาลสาธารณสุข คณะสาธารณสุขศาสตร์มหาวิทยาลัยมหิดล,^c2551
300    78 หน้า :^bภาพประกอบ ;^c21 ซม.
440  0 ชุดตำราการดูแลสุขภาพทางเลือกและการเยียวยาผสมผสานทางการพยาบาลและการพยาบาลสาธารณสุข
536    สนับสนุนโดย สำนักการแพทย์ทางเลือกกรมพัฒนาการแพทย์แผนไทยและการแพทย์ทางเลือก กระทรวงสาธารณสุข
650  7 การแพทย์ทางเลือก
650  7 สมาธิ^xแง่การแพทย์
710 2  มหาวิทยาลัยมหิดล. ^bคณะสาธารณสุขศาสตร์.^bภาควิชาการพยาบาลสาธารณสุข
710 2  กรมพัฒนาการแพทย์แผนไทยและการแพทย์ทางเลือก.^bสำนักการแพทย์ทางเลือก
945    ^p90^l0^i025169
945    ^p90^l0^i022110
945    ^p90^l0^i022109
995    ทศพร
999 ^a ใช้งานได้ทุกระบบ
รายการนี้ยังไม่มีแท็ก
คุณยังไม่ได้ล็อกอิน คุณสามารถมีกิจกรรมร่วมกับเว็บไซต์ได้ แต่ต้องล็อกอินก่อน ::
  ล็อกอิน

รายการสื่อสารสนเทศ

ลำดับที่ ประเภท เลขเรียก/บาร์โค้ด สถานที่ สถานะ
- ไม่พบข้อมูล -

รายการใกล้เคียง
    ผู้แต่ง [สมพร กันทรดุษฎี-เตรียมชัยศรี]

    หัวเรื่อง [การแพทย์ทางเลือก]

BibComment


ยังไม่เคยถูกคอมเมนท์

คอมเมนท์ทรัพยากรรายการนี้
  คอมเมนท์: การปฏิบัติสมาธิเพ..


 Copyright 2026. Bcnsprnw @Library